Statistics for Name the 50 Sports in the Summer Olympics 🏅⚽⚾🥎🏀

Click here to take the quiz!

General Stats

  • This quiz has been taken 262 times
  • The average score is 21 of 50

Answer Stats

HintAnswer% Correct
BBasketball
90%
SSwimming
90%
SSoccer/Football
85%
TTennis
79%
AAthletics
75%
AArchery
74%
BBaseball
70%
VVolleyball
70%
TTable Tennis/Ping Pong
67%
BBadminton
66%
DDiving
66%
JJudo
65%
RRowing
61%
BBoxing
60%
KKarate
58%
FFencing
57%
HHandball
57%
WWater Polo
57%
WWeightlifting
56%
GGolf
55%
RRugby
54%
TTaekwondo
54%
SShooting
50%
BBeach Volleyball
43%
FField Hockey
42%
SSailing
42%
SSkateboarding
42%
TTriathlon
42%
SSoftball
38%
SSurfing
38%
EEquestrian Dressage
31%
MModern Pentathlon
30%
WWrestling Greco-Roman
25%
TTrampoline
20%
WWrestling Freestyle
18%
CCycling BMX
17%
EEquestrian Jumping
17%
SSport Climbing
15%
BBasketball 3x3
14%
GGymnastics Rhythmic
14%
AArtistic Swimming
13%
CCanoe Slalom
13%
GGymnastics Artistic
13%
CCycling Road
11%
CCycling Track
11%
MMarathon Swimming
9%
CCanoe Sprint
8%
CCycling Mountain Bike
8%
EEquestrian Eventing
8%
BBreaking
3%

Score Distribution

Percentile by Number Answered

Percent of People with Each Score

Your Score History

You have not taken this quiz